Najbiedniejsze państwa według kontynetu(PKB na osobę) - Statystyki

Ogólne statystyki
  • Ten quiz został rozwiązany 414 razy
  • Średni wynik to 8 z 18
Statystyki odpowiedzi
Kontynet Państwo % Poprawnych
Europa Mołdawia
71%
Ameryka płd. Boliwia
60%
Ukraina
60%
Kosowo
54%
Paragwaj
54%
Gujana
52%
Ameryka Płn. Haiti
50%
Azja Afganistan
40%
Niger
37%
Afryka Burundi
36%
Nikaragua
36%
Vanuatu
35%
Honduras
33%
Australia i Oceania Kiribati
33%
Korea Północna
33%
Wyspy Salomona
28%
Nepal
24%
Malawi
18%
Nie znaleziono quizów pasujących do podanych kryteriów
Rozkład punktacji
Procent ludzi z każdym wynikiem
Percentyl według liczby udzielonych odpowiedzi
Twoja historia wyników
Nie rozwiązałeś tego quizu